On This Day: May 2nd II Quiz Stats

 Plays Quiz Updated May 2, 2018

Score 0/7 Timer 03:00
0 Plays Today
Question Answer Wrong Answers
This American actor and professional wrestler, also known by his ring name The Rock, is born.
1972
Dwayne Johnson
92.5%
Vin Diesel
3.3%
John Cena
1.8%
Jason Statham
0.7%
The Soviet Union announces the capture of this city, and Soviet soldiers hoist their red flag over the Reichstag building.
1945
Berlin
82.9%
Munich
9%
Frankfurt
2.9%
Hamburg
3.6%
President Bill Clinton announces that accurate ______ access will no longer be restricted to the United States military.
2000
GPS
78.4%
USB
1.2%
Wi-Fi
15.3%
Bluetooth
2.8%
This major automobile company headquartered in Detroit acquires the Chevrolet Motor Company of Delaware.
1915
General Motors
72.5%
Ford
15.8%
Toyota
0.8%
Chrysler
9.7%
With communism in Hungary collapsing, the government begins to dismantle the 149 mile long electric fence along the ______ border, allowing a number of East Germans to defect.
1989
Austrian
69.3%
Romanian
13.1%
Ukrainian
8.8%
Serbian
6.6%
The Peninsular War begins when the people of Madrid rise up in rebellion against French occupation, an event later memorialized in ‘The Second of May 1808’, a painting by this Spanish artist.
1808
Francisco Goya
46.5%
Pablo Picasso
25.2%
Paul Cézanne
6.4%
El Greco
21.8%
Menelik II, Emperor of Ethiopia, signs the Treaty of Wuchale, which gives this country control over Eritrea.
1889
Italy
43.5%
France
27.2%
Belgium
13.4%
Portugal
14.9%

You're not logged in!

Compare scores with friends on all Sporcle quizzes.
OR
Log In

Sporcle TV

Today on Sporcle TV


Watch our educational content, quiz creation guides, and fun videos on Sporcle TV.

Show Comments

Extras

Top Quizzes Today


Score Distribution

Your Account Isn't Verified!

In order to create a playlist on Sporcle, you need to verify the email address you used during registration. Go to your Sporcle Settings to finish the process.

Report this User

Report this user for behavior that violates our Community Guidelines.

Details: